000 01483nam a22003257a 4500
003 OSt
005 20260513101826.0
008 260513b |||||||| |||| 00| 0 aze d
020 _a5806617823
040 _aAZ-XaKU
_baze
_cAZ-XaKU
050 1 4 _aPN2000 .V238 .AR751 2005
100 1 _aVəliyev, Ədalət,
_cdosent,
_d1959 - ,
_emüəllif.
245 1 0 _aTeatr sənətimiz: dünən, bu gün, sabah...
_c/ Ədalət Vəliyev
264 _aBakı:
_bElm nəşriyyatı,
_c2005.
300 _a476 səhifə ;
_bşəkilli,
_c21 sm.
336 _atext
_btxt
_2rdacontent
337 _aunmediated
_bn
_2rdamedia
338 _avolume
_bnc
_2rdacarrier
505 0 _aBirinci bölmə: Müasir teatr problemləri (nəzəri və praktik düşüncələr) -- İkinci bölmə: Mədəniyyətimizin sabahına inanıram (müsahibələr- mülahizələr)
520 _aKitabda müəllifin müxtəlif illərdə çap olunmuş elmi-nəzəri məqalələri, publisistik yazıları və teatr sənətilə bağlı müsahibələri toplanmışdır.
521 _aKitab müasir teatrın nəzəri və gerçək inkişaf ilə maraqlanan mütəxəssislər, teatrsevərlər və geniş oxucu kütləsi üçün nəzərdə tutulmuşdur.
600 _2AzXaKU
650 7 _aTeatrşünaslıq
_2AzXaKU
655 _aMonoqrafiya
700 1 _aKərimov, İqbal,
_eelmi redaktor.
700 1 _aƏsədova, Alimə,
_ekorrektor.
700 1 _aRəhimli, Rafiq,
_eredaktor.
942 _cBOOK
999 _c436
_d436